Oslobodenie od dane z motorových vozidiel

Vozidlá môžu byť oslobodené od dane priamo zo zákona /zákon č. 582/2004 Z.z./ alebo oslobodenie určí vyšší územný celok vo všeobecne záväznom nariadení. Oslobodenie vozidiel od daní v jednotlivých krajoch Slovenska.

Salvato in:
Dettagli Bibliografici
Autore principale: Sabolová, Jana
Natura: Capitolo di libro
Lingua:slovacco
Soggetti:
Tags: Aggiungi Tag
Nessun Tag, puoi essere il primo ad aggiungerne!!

MARC

LEADER 00000naa$a2200000$$$4500
001 0032429
005 20231114083454.1
041 0 |a slo 
044 |a SK 
245 1 0 |a Oslobodenie od dane z motorových vozidiel  |c Jana Sabolová 
520 |a Vozidlá môžu byť oslobodené od dane priamo zo zákona /zákon č. 582/2004 Z.z./ alebo oslobodenie určí vyšší územný celok vo všeobecne záväznom nariadení. Oslobodenie vozidiel od daní v jednotlivých krajoch Slovenska. 
610 2 0 |a dane z vozidiel motorových 
610 2 0 |a oslobodenie od daní 
610 2 0 |a Slovensko 
100 1 |a Sabolová, Jana